000 00875nam a22002297a 4500
999 _c19867
_d19867
003 AR-CdUCM
008 190523b ||||| |||| 00| 0 spa d
020 _a968-6599-62-2
040 _aMUNICIPALIDAD PROVINCIAL DEL CUSCO
_cBIBLIOTECA MUNICIPAL DEL CUSCO
082 _a573.4 /
_bP23
100 _aPanayotou, Theodore
_941534
245 _aEcologia, medio ambiente y desarrollo :
_bdebate crecimiento versus conservación /
260 _aMéxico :
_bGernika,
_c1994.
300 _a217 páginas ;
_c21 cm.
505 _aContenido: Degradación del ambiente -- Fallas del mercado y degradación del ambiente -- Fallas de las políticas y degradación del ambiente...
650 _aDegradacion
_941535
650 _aEcología
_94960
650 _aDesarrollo sostenible
_94163
700 _aArias, Oscar (prologo)
_941536
942 _2ddc
_cLIBROS
945 _adavv
_d2019-05-23